the study on economic efficiency of household dry season rice production in svay yea commune, svay chrum district, svay rieng province ការសិក្សារអំពីប្រសិទ្ធភាពសេដ្ឋកិច្ចនៃផលិតកម្មស្រូវប្រាំងនៅឃុំស្វាយយា ស្រុកស្វាយជ្រុំ ខេត្តស្វាយរៀង (Record no. 18814)
[ view plain ]
| 000 -LEADER | |
|---|---|
| fixed length control field | 00809nam a22001577a 4500 |
| 003 - CONTROL NUMBER IDENTIFIER | |
| control field | LRUA |
| 005 - DATE AND TIME OF LATEST TRANSACTION | |
| control field | 20200127145747.0 |
| 008 - FIXED-LENGTH DATA ELEMENTS--GENERAL INFORMATION | |
| fixed length control field | 200127b xxu||||| |||| 00| 0 eng d |
| 040 ## - CATALOGING SOURCE | |
| Transcribing agency | RUA |
| 082 ## - DEWEY DECIMAL CLASSIFICATION NUMBER | |
| Classification number | AED CHE 2018 B657 Or.1 |
| 100 ## - MAIN ENTRY--PERSONAL NAME | |
| 9 (RLIN) | 14137 |
| Personal name | CHEA NIMOL ជា និមល់ |
| 245 ## - TITLE STATEMENT | |
| Title | the study on economic efficiency of household dry season rice production in svay yea commune, svay chrum district, svay rieng province ការសិក្សារអំពីប្រសិទ្ធភាពសេដ្ឋកិច្ចនៃផលិតកម្មស្រូវប្រាំងនៅឃុំស្វាយយា ស្រុកស្វាយជ្រុំ ខេត្តស្វាយរៀង |
| 260 ## - PUBLICATION, DISTRIBUTION, ETC. (IMPRINT) | |
| Place of publication, distribution, etc. | RUA |
| Name of publisher, distributor, etc. | Phnom penh |
| Date of publication, distribution, etc. | 2018 |
| 300 ## - PHYSICAL DESCRIPTION | |
| Extent | x;50p |
| Other physical details | ill; |
| Dimensions | 29cm |
| 942 ## - ADDED ENTRY ELEMENTS (KOHA) | |
| Source of classification or shelving scheme | |
| Koha item type | AED |
| Price effective from | Date last seen | Permanent Location | Not for loan | Date acquired | Source of classification or shelving scheme | Koha item type | Lost status | Withdrawn status | Date last checked out | Total Checkouts | Shelving location | Damaged status | Barcode | Current Location | Full call number |
|---|---|---|---|---|---|---|---|---|---|---|---|---|---|---|---|
| 2020-01-27 | 2024-06-04 | Library Block B | 2020-01-27 | AED | 2024-05-31 | 3 | B657 | A063654 | Library Block B | AED CHE 2018 B657 Or.1 | |||||
| 2020-01-27 | 2020-01-27 | Library Block B | 2020-01-27 | AED | B657 | A43368 | Library Block B | AED CHE 2018 B657 Or.2 | |||||||
| 2020-01-27 | 2020-01-27 | Library Block B | 2020-01-27 | AED | B657 | A43393 | Library Block B | AED CHE 2018 B657 Or.3 | |||||||
| 2020-01-27 | 2020-01-27 | Library Block B | 2020-01-27 | AED | B657 | A43438 | Library Block B | AED CHE 2018 B657 Or.4 | |||||||
| 2020-01-27 | 2026-03-20 | Library Block B | 2020-01-27 | AED | 2026-02-10 | 3 | B657 | A43168 | Library Block B | AED CHE 2018 B657 Or.5 | |||||
| 2020-01-27 | 2020-01-27 | Library Block B | 2020-01-27 | AED | B657 | A43258 | Library Block B | AED CHE 2018 B657 Or.6 |